|
|
|
|
| LEADER |
00819naa a2200217 i 4500 |
| 001 |
acta76763 |
| 005 |
20221018084050.0 |
| 008 |
221018s2022 hu o 0|| eng d |
| 020 |
|
|
|a 978-963-306-880-9
|
| 024 |
7 |
|
|a 10.14232/sztep.chpp.2022.16
|2 doi
|
| 040 |
|
|
|a SZTE Egyetemi Kiadványok Repozitórium
|b hun
|
| 041 |
|
|
|a eng
|
| 100 |
1 |
|
|a Désfalvi Judit
|
| 245 |
1 |
0 |
|a Self-help groups for patient support
|h [elektronikus dokumentum] /
|c Désfalvi Judit
|
| 260 |
|
|
|a Szegedi Egyetemi Kiadó
|b Szeged
|c 2022
|
| 300 |
|
|
|a 211-222
|
| 490 |
0 |
|
|a Clinical health psychology in practice : theory and case presentations
|
| 650 |
|
4 |
|a Társadalomtudományok
|
| 650 |
|
4 |
|a Pszichológia
|
| 695 |
|
|
|a Egészségpszichológia
|
| 856 |
4 |
0 |
|u http://acta.bibl.u-szeged.hu/76763/1/2022_clinical_health_psychology_211-222.pdf
|z Dokumentum-elérés
|